000 01020nam a22003017a 4500
003 CHAP
005 20220329135110.0
008 971013s1963 r 00010 d
010 _a30909
011 _a31881
035 _a35993
040 _cCHAP
082 _a368.4
_bN3
100 0 0 _aNavarrete, Francisco Xavier.
_980527
245 _aSociología de la seguridad social ; bibliografía mínima
260 _aMéxico, D. F. :
_bInstituto de Investigaciones Sociales de la UNAM,
_c1963
300 _a25 p.
590 _aBATCH-UPD
_b10
_c20130110
_lUCH01
_h0105
590 _aBATCH-UPD
_b10
_c20130110
_lUCH01
_h2134
590 _aBATCH-UPD
_b10
_c20130410
_lUCH01
_h1443
590 _aBATCH-UPD
_b10
_c20130914
_lUCH01
_h1837
590 _aCONVERSION
_b10
_c20130109
_lUCH01
_h1318
650 1 4 _aSeguridad social
_xBibliografía.
_9103678
711 0 _aCongreso Nacional de Sociología (14 : 1963 : Culiacán, Sin.)
_927102
901 _aBK
942 _cLIBRO
949 _a368.4 N3
_bBC
_cBPA
_d-83059
_eBPA
_h28013
_i35993
_si
999 _c30909
_d30909